| 000 | 00709nam a22002417a 4500 | ||
|---|---|---|---|
| 003 | OSt | ||
| 008 | 260228b2022 |||||||| |||| 00| 0 eng d | ||
| 020 | _a9789373321417 | ||
| 082 |
_bSIN-D _a658.4012 |
||
| 100 | _aSinha, Rajesh | ||
| 245 |
_aDigital operating model : _bthe future of business / _cRajesh Sinha |
||
| 260 |
_aNew Delhi : _bWiley, _c2022. |
||
| 300 | _axvi, 221 p. ; | ||
| 650 | _aStrategic management | ||
| 650 | _aDigital transformation | ||
| 650 | _aBusiness models | ||
| 650 | _aPlatform strategy | ||
| 650 | _aInnovation management | ||
| 650 | _aOrganizational change | ||
| 650 | _aInformation technology - Management | ||
| 650 | _aBusiness process management | ||
| 942 |
_2ddc _cBK |
||
| 999 |
_c21508 _d21508 |
||